[Event "Rilton Cup 2010-11"]
[Site "Stockholm SWE"]
[Date "2011.01.05"]
[Round "9"]
[White "Johansson, Linus"]
[Black "Winge, Stefan"]
[Result "1/2-1/2"]
[WhiteElo "1966"]
[BlackElo "2290"]
[WhiteFideId "1711113"]
[BlackFideId "1700898"]
[EventDate "2010.12.27"]

1. Nf3 Nf6 2. g3 g6 3. Bg2 Bg7 4. O-O O-O 5. d4 d5 6. c4 Nc6 7. Ne5 dxc4 8. Nxc6
bxc6 9. Na3 Be6 10. Bxc6 Rb8 11. Bg2 Qd6 12. e4 Qa6 13. Qc2 c6 14. Bf4 Rb4 15.
Bd2 Ra4 16. Bc3 Nd7 17. Rfe1 Nb6 18. h3 Rc8 19. Rad1 Bf8 20. f4 f6 21. d5 Bd7
22. d6 exd6 23. Bxf6 Be6 24. f5 Bf7 25. Bc3 Nd7 26. Bf1 Re8 27. Kh1 Ne5 28. Nb1
Rxa2 29. Bxe5 Rxe5 30. fxg6 hxg6 31. Qc1 d5 32. Nc3 Ra5 33. Qf4 Re8 34. Bg2 Qb7
35. Re2 Rd8 36. e5 Re8 37. Rf1 Be6 38. Qg5 Qg7 39. h4 Be7 40. Qd2 Ra6 41. Nd1
Rb6 42. Kh2 Rf8 43. Rxf8+ Bxf8 44. Bh3 Qe7 45. Nf2 Kh7 1/2-1/2

[Event "Rilton Cup 2010-11"]
[Site "Stockholm SWE"]
[Date "2011.01.05"]
[Round "9"]
[White "Blomqvist, Erik"]
[Black "Pettersson, Anders"]
[Result "0-1"]
[WhiteTitle "IM"]
[WhiteElo "2449"]
[BlackElo "2127"]
[WhiteFideId "1709437"]
[BlackFideId "1709771"]
[EventDate "2010.12.27"]

1. Nf3 c5 2. c4 Nf6 3. Nc3 Nc6 4. g3 d5 5. cxd5 Nxd5 6. Bg2 Nc7 7. O-O e5 8. a3
Be7 9. b4 a6 10. bxc5 Bxc5 11. d3 O-O 12. Rb1 Qe7 13. Qb3 Rb8 14. Bg5 Qe6 15.
Qb2 f6 16. Ne4 Ba7 17. Bd2 Nd5 18. Nfg5 Qd7 19. Bh3 f5 20. Nc3 Nc7 21. Be3 Bxe3
22. fxe3 Qe7 23. Nf3 Qc5 24. Qc1 Nd5 25. Nxd5 Qxd5 26. Bg2 Qd8 27. Qc5 Re8 28.
Nh4 Qe7 29. Bd5+ Kh8 30. Qc4 Bd7 31. Nxf5 Qg5 32. Nd6 Qxe3+ 33. Kh1 b5 34. Nf7+
Kg8 35. Nxe5+ Kh8 36. Nf7+ Kg8 37. Qh4 Be6 38. Bxc6 Bxf7 39. Rxf7 Kxf7 40. Qxh7
Qe5 41. Rf1+ Ke7 42. Rf5 Qa1+ 43. Kg2 Rf8 44. Qh4+ Kd6 45. Qf4+ Kxc6 46. Rxf8
Rxf8 47. Qxf8 a5 48. Qc8+ Kb6 49. Qd8+ Ka6 50. Qd6+ Kb7 51. d4 Qc3 52. Qe5 Kb6
53. Qxg7 b4 54. axb4 axb4 55. Qf8 b3 56. Qb8+ Ka6 57. d5 b2 58. d6 Qc6+ 59. Kh3
Qb7 60. Qe8 b1=Q 61. Qa4+ Kb6 62. Qd4+ Ka5 63. Qc5+ Q1b5 64. Qa3+ Kb6 65. Qe3+
Qc5 66. Qb3+ Kc6 67. Qf3+ Qd5 68. Qc3+ Kxd6 69. Qa3+ Ke6 70. Qe3+ Kd7 0-1

[Event "Rilton Cup 2010-11"]
[Site "Stockholm SWE"]
[Date "2011.01.05"]
[Round "9"]
[White "Czarnota, Dorota"]
[Black "Souleidis, Georgios"]
[Result "1-0"]
[WhiteTitle "WIM"]
[BlackTitle "IM"]
[WhiteElo "2229"]
[BlackElo "2411"]
[WhiteFideId "1122410"]
[BlackFideId "4206827"]
[EventDate "2010.12.27"]

1. d4 Nf6 2. c4 g6 3. Nc3 Bg7 4. e4 d6 5. Nge2 O-O 6. Ng3 c5 7. d5 e6 8. Be2
exd5 9. cxd5 a6 10. a4 Nbd7 11. O-O Ne8 12. Be3 Rb8 13. Qd2 Nc7 14. f4 b5 15. e5
bxa4 16. Nxa4 Re8 17. Kh1 dxe5 18. f5 Nf6 19. d6 Ncd5 20. Bxc5 Nf4 21. fxg6 hxg6
22. Bc4 Bb7 23. Rxf4 exf4 24. Qxf4 Bd5 25. Rf1 Bxc4 26. Qxc4 Qa5 27. Nc3 Rxb2
28. d7 Nxd7 29. Qxf7+ Kh7 30. Bd4 Rg8 31. Qxd7 Qd8 32. Qh3+ Bh6 33. Rf7+ 1-0

[Event "Rilton Cup 2010-11"]
[Site "Stockholm SWE"]
[Date "2011.01.05"]
[Round "9"]
[White "Thompson, Ian D"]
[Black "Jacobsen, Bo"]
[Result "1-0"]
[WhiteTitle "FM"]
[WhiteElo "2264"]
[BlackElo "2317"]
[WhiteFideId "405205"]
[BlackFideId "1400738"]
[EventDate "2010.12.27"]

1. c4 e5 2. g3 Nc6 3. Bg2 g6 4. Nc3 Bg7 5. d3 Nf6 6. e4 Nd4 7. Nge2 Nxe2 8. Qxe2
c6 9. O-O d6 10. f4 exf4 11. Bxf4 O-O 12. Qd2 Be6 13. b3 Qd7 14. Bh6 Bxh6 15.
Qxh6 Ng4 16. Qd2 c5 17. d4 cxd4 18. Qxd4 1-0

[Event "Rilton Cup 2010-11"]
[Site "Stockholm SWE"]
[Date "2011.01.05"]
[Round "9"]
[White "Groetz, Harald"]
[Black "Markevich, Ilya"]
[Result "1/2-1/2"]
[WhiteTitle "IM"]
[WhiteElo "2314"]
[BlackElo "2175"]
[WhiteFideId "1605607"]
[BlackFideId "24114839"]
[EventDate "2010.12.27"]

1. e4 c5 2. Nc3 e6 3. Nf3 a6 4. g3 b5 5. Bg2 Bb7 6. d3 d6 7. O-O Nc6 8. Ne1 Nf6
9. f4 Be7 10. Nf3 O-O 11. h3 d5 12. e5 Nd7 13. Ne2 f6 14. exf6 Bxf6 15. c3 a5
16. d4 b4 17. Ne5 Be7 18. Be3 Nb6 19. Nxc6 Bxc6 20. b3 c4 21. Rc1 Bb5 22. Rf2 a4
23. cxb4 Bxb4 24. Nc3 Bxc3 25. Rxc3 axb3 26. axb3 cxb3 27. Qxb3 Bc4 28. Qb4 Ra4
29. Qc5 Nd7 30. Qc6 Ra6 31. Rxc4 Rxc6 32. Rxc6 Re8 33. Rfc2 Qa5 34. Bf2 Nf6 35.
R6c5 Qa1+ 36. Rc1 Qa3 37. R1c3 Qa1+ 38. Rc1 Qb2 39. R5c2 Qb4 40. Re2 Qd6 41.
Rce1 Kf7 42. f5 exf5 43. Rxe8 Nxe8 44. Re5 Nf6 45. Rxf5 Kg6 46. Re5 Qc6 47. Be3 1/2-1/2

[Event "Rilton Cup 2010-11"]
[Site "Stockholm SWE"]
[Date "2011.01.05"]
[Round "9"]
[White "Lindgren, Philip"]
[Black "Astrup, Kim"]
[Result "1-0"]
[WhiteElo "2091"]
[BlackElo "2274"]
[WhiteFideId "1713230"]
[BlackFideId "1501950"]
[EventDate "2010.12.27"]

1. d4 d6 2. Nf3 g6 3. c4 f5 4. g3 Nf6 5. Bg2 Bg7 6. O-O O-O 7. Nc3 c6 8. d5 Bd7
9. Nd4 Qb6 10. e3 Na6 11. Rb1 Nc7 12. b4 e5 13. dxe6 Nxe6 14. Nde2 Rad8 15. Qb3
Kh8 16. Rd1 Bc8 17. Bb2 Ng5 18. Rd3 Be6 19. Rbd1 Qc7 20. Nd4 Bg8 21. b5 Nge4 22.
Nxe4 Nxe4 23. Qc2 Rfe8 24. Rc1 h6 25. Ne2 Be5 26. Bxe5+ Rxe5 27. Qb2 Kh7 28.
Rdd1 Rc5 29. Qd4 Ng5 30. bxc6 bxc6 31. Nf4 Ne6 32. Nxe6 Bxe6 33. h4 Qe7 34. Bf3
Rd7 35. Kg2 Qf7 36. Qf4 Qe7 37. Qd4 Qg7 38. Qf4 Qe7 39. Qd4 Kg8 40. Qf4 Kg7 41.
Qd4+ Qf6 42. Qd3 g5 43. hxg5 hxg5 44. Kg1 f4 45. exf4 gxf4 46. Kg2 fxg3 47. fxg3
Rf5 48. Rh1 Rf7 49. Rcf1 d5 50. cxd5 Rxf3 51. Rh7+ Kg8 52. Rxf7 Rxd3 53. R7xf6
Bxd5+ 54. Kh3 Kg7 55. R6f2 Be6+ 56. Kh4 Ra3 57. Re1 Ra4+ 58. Rf4 Rxf4+ 59. gxf4
Bxa2 60. Ra1 Bd5 1-0

[Event "Rilton Cup 2010-11"]
[Site "Stockholm SWE"]
[Date "2011.01.05"]
[Round "9"]
[White "Forsberg, Viktor"]
[Black "Olund, Joar"]
[Result "1-0"]
[WhiteElo "2255"]
[BlackElo "2035"]
[WhiteFideId "1707914"]
[BlackFideId "1714848"]
[EventDate "2010.12.27"]

1. e4 g6 2. d4 Bg7 3. Nf3 d6 4. Bc4 Nf6 5. Qe2 O-O 6. O-O Nc6 7. e5 Nd7 8. e6
fxe6 9. Bxe6+ Kh8 10. c3 Nde5 11. Ng5 h6 12. dxe5 hxg5 13. Bxc8 Rxc8 14. Bxg5
Nxe5 15. f4 Nf7 16. Bxe7 Re8 17. Re1 Qd7 18. Nd2 c5 19. Qf2 Qf5 20. Nc4 d5 21.
Ne3 Qd7 22. Qh4+ Kg8 23. Ng4 d4 24. Bf6 d3 25. Bxg7 Kxg7 26. Rxe8 Rxe8 27. Nf6
Qe7 28. Nxe8+ Qxe8 29. Qe1 Qd7 30. Qe4 b5 31. b3 Qf5 32. Qxf5 gxf5 33. c4 bxc4
34. bxc4 Nd6 35. Rd1 Nxc4 36. Rxd3 Nb6 37. Ra3 1-0

[Event "Rilton Cup 2010-11"]
[Site "Stockholm SWE"]
[Date "2011.01.05"]
[Round "9"]
[White "Wiander, Michael"]
[Black "Bazeev, German"]
[Result "1-0"]
[WhiteElo "2158"]
[BlackElo "2334"]
[WhiteFideId "1702580"]
[BlackFideId "24119350"]
[EventDate "2010.12.27"]

1. e4 c5 2. Nf3 d6 3. d4 cxd4 4. c3 d3 5. Bxd3 Nc6 6. O-O e6 7. b4 Nf6 8. Bf4
Qc7 9. Qe2 Ne5 10. Na3 Be7 11. Nb5 Qb8 12. c4 a6 13. Nc3 Nfd7 14. Rfd1 b6 15. h4
Bb7 16. Bg5 Bxg5 17. Nxg5 h6 18. Nh3 O-O 19. f4 Nc6 20. a3 Qd8 21. Qf2 Qf6 22.
Rac1 Rac8 23. Bb1 Qe7 24. g4 g6 25. g5 hxg5 26. hxg5 f5 27. exf5 gxf5 28. Re1
Rce8 29. Rcd1 e5 30. Qh4 Qg7 31. Rxd6 Nd4 32. Kf2 Re6 33. c5 Rxd6 34. cxd6 Rc8
35. Ba2+ Kf8 36. Re3 e4 37. g6 Nf6 38. Ng5 Ng4+ 39. Kg1 Nxe3 40. d7 Nf3+ 41.
Nxf3 Qxg6+ 42. Ng5 Kg7 43. Kh1 Rxc3 44. Qh8+ Kxh8 45. d8=Q+ Kg7 46. Qg8+ 1-0

[Event "Rilton Cup 2010-11"]
[Site "Stockholm SWE"]
[Date "2011.01.05"]
[Round "9"]
[White "Frisk, Ellinor"]
[Black "Hobber, Anders"]
[Result "1/2-1/2"]
[WhiteTitle "WFM"]
[WhiteElo "2126"]
[BlackElo "2196"]
[WhiteFideId "1708481"]
[BlackFideId "1505424"]
[EventDate "2010.12.27"]

1. Nc3 d5 2. d4 e6 3. Nf3 Be7 4. Bf4 Nf6 5. e3 O-O 6. Ne5 c5 7. Qf3 Nc6 8. O-O-O
c4 9. g4 Qa5 10. g5 Nxe5 11. dxe5 Nd7 12. e4 d4 13. Rxd4 Nxe5 14. Qg3 Ng6 15.
Bc7 Qxg5+ 16. Qxg5 Bxg5+ 17. Kb1 e5 18. Rxc4 Be6 19. Rb4 b6 20. Ba6 Be7 21. Ra4
Bd7 22. Rc4 Bc5 1/2-1/2

[Event "Rilton Cup 2010-11"]
[Site "Stockholm SWE"]
[Date "2011.01.05"]
[Round "9"]
[White "Hedstrom, Johan"]
[Black "Holmsten, Aleksei"]
[Result "0-1"]
[BlackTitle "IM"]
[WhiteElo "2043"]
[BlackElo "2381"]
[WhiteFideId "1714813"]
[BlackFideId "500933"]
[EventDate "2010.12.27"]

1. c4 Nf6 2. e3 g6 3. Nc3 Bg7 4. g3 d5 5. cxd5 Nxd5 6. Bg2 Nb4 7. d4 c5 8. a3
cxd4 9. exd4 N4c6 10. d5 Ne5 11. Nf3 Nbd7 12. O-O O-O 13. Qe2 Nxf3+ 14. Bxf3 Ne5
15. Be4 Bg4 16. f3 Bh3 17. Re1 Rc8 18. Kh1 Nc4 19. f4 Qa5 20. Nd1 Bg4 21. Qf2
Nd6 22. Bg2 Rc2 23. Qf1 Rxg2 24. Kxg2 Qxd5+ 25. Kg1 Bxd1 26. Rxd1 Bd4+ 27. Rxd4
Qxd4+ 28. Qf2 Qd1+ 29. Qf1 Qb3 30. Bd2 Qxb2 31. Bb4 Qd4+ 32. Kh1 Rc8 33. Rd1
Qe4+ 34. Qg2 Qxg2+ 35. Kxg2 Rc6 36. Rd3 Kf8 37. g4 h6 38. h3 Ke8 39. Kf3 Kd7 40.
Bd2 Rc4 41. f5 gxf5 42. Bxh6 fxg4+ 43. hxg4 e5 44. Kg3 Ke6 45. Bf8 Rc3 0-1